[Event "Behting-mem"]
[Site "corr Behting-mem"]
[Date "1971.??.??"]
[Round "?"]
[White "Reza, R."]
[Black "Grobe, E."]
[Result "0-1"]
[WhiteElo "2560"]
[BlackElo "2560"]
[PlyCount "60"]
[EventDate "1971.??.??"]
[Source "www.chesslib.no"]
[SourceDate "2004.05.04"]

1. e4 e5 2. Nf3 f5 3. d4 fxe4 4. Nxe5 Nf6 5. Be2 c6 6. O-O d5 7. c4 Be7 8. cxd5 cxd5 9. Bh5+ Kf8 10. Nc3 Be6 11. Be2 Nc6 12. f3 Qb6 13. Nxc6 bxc6 14. fxe4 dxe4 15. Nxe4 Bd5 16. Nxf6 Bxf6 17. Bh5 Rd8 18. Rxf6+ gxf6 19. Bh6+ Ke7 20. Qg4 Rdg8 21. Bg7 Kd8 22. Qf4 Kc8 23. Qxf6 Rxg7 24. Qxg7 Rg8 25. Bg4+ Kb8 26. Qe5+ Kb7 27. Be2 Rxg2+ 28. Kf1 Qb4 29. Rd1 Qf8+ 30. Ke1 Bc4 0-1

[Event "Betins Memorial corr"]
[Site "?"]
[Date "1974.??.??"]
[Round "?"]
[White "Maly, Norbert"]
[Black "Budovskis, Inesis"]
[Result "1/2-1/2"]
[WhiteElo "2560"]
[BlackElo "2560"]
[PlyCount "54"]
[EventDate "1974.??.??"]
[Source "www.chesslib.no"]
[SourceDate "2004.05.04"]

1. e4 e5 2. Nf3 f5 3. Bc4 fxe4 4. Nxe5 d5 5. Qh5+ g6 6. Nxg6 hxg6 7. Qxh8 Kf7 8. Bb3 Bg7 9. Qh7 Qg5 10. O-O Nf6 11. d4 Nxh7 12. Bxg5 Nxg5 13. Bxd5+ Ke8 14. c3 c6 15. Bb3 Bf5 16. Nd2 Nd7 17. Rae1 Nf6 18. Nc4 c5 19. Rd1 cxd4 20. Rxd4 Ne6 21. Rd2 Bh6 22. Rdd1 Nc5 23. h3 Bf4 24. Ne3 Nxb3 25. axb3 Be6 26. Rd4 Rc8 27. Rb4 Rc7 1/2-1/2

[Event "Atars Memorial corr"]
[Site "?"]
[Date "1977.??.??"]
[Round "?"]
[White "Diepstraten, Leonardus CM"]
[Black "Falk, JA."]
[Result "1-0"]
[WhiteElo "2560"]
[BlackElo "2560"]
[PlyCount "45"]
[EventDate "1977.??.??"]
[Source "www.chesslib.no"]
[SourceDate "2004.05.04"]

1. e4 e5 2. Nf3 f5 3. d4 fxe4 4. Bg5 Nf6 5. Bxf6 gxf6 6. Nxe5 fxe5 7. Qh5+ Ke7 8. Qxe5+ Kf7 9. Bc4+ d5 10. Bxd5+ Kg6 11. Bxe4+ Kf7 12. Nd2 Bg7 13. Qh5+ Kf8 14. O-O Bxd4 15. Bd5 Qe8 16. Qf3+ Kg7 17. Rae1 Qg6 18. Re7+ Kh6 19. Bf7 Qg5 20. Rfe1 Qxd2 21. Qh5+ Kg7 22. Bc4+ Kf8 23. Rf7+ 1-0

[Event "Betins corr."]
[Site "Betins corr."]
[Date "1975.??.??"]
[Round "?"]
[White "Grobe, E."]
[Black "Tomson, H."]
[Result "1-0"]
[WhiteElo "2560"]
[BlackElo "2560"]
[PlyCount "37"]
[EventDate "1975.??.??"]
[Source "www.chesslib.no"]
[SourceDate "2004.05.04"]

1. e4 e5 2. Nf3 f5 3. Nxe5 Qf6 4. Nc4 fxe4 5. Nc3 Qg6 6. d3 Bb4 7. Bd2 Bxc3 8. Bxc3 Nf6 9. Bxf6 gxf6 10. dxe4 Qxe4+ 11. Ne3 d6 12. Bd3 Qh4 13. Nd5 Kd8 14. O-O Rg8 15. Qf3 Bh3 16. Nf4 Bd7 17. Rfe1 Nc6 18. Qd5 Ne7 19. Rxe7 1-0

[Event "Rossia"]
[Site "?"]
[Date "1992.??.??"]
[Round "?"]
[White "Rublevsky, S."]
[Black "Maljutin, E."]
[Result "1-0"]
[WhiteElo "2505"]
[BlackElo "2465"]
[PlyCount "61"]
[EventDate "1992.??.??"]
[Source "ChessBase"]
[SourceDate "1992.06.01"]

1. e4 e5 2. Nf3 f5 3. Nxe5 Qf6 4. d4 d6 5. Nc4 fxe4 6. Nc3 Qg6 7. f3 exf3 8. Qxf3 Nc6 9. Bd3 Qg4 10. Qe3+ Be7 11. O-O Nf6 12. d5 Nb4 13. Rf4 Qd7 14. Bf5 Qxf5 15. Rxf5 Bxf5 16. Nb5 O-O 17. Nxc7 Nbxd5 18. Nxd5 Nxd5 19. Qd4 Be6 20. Bd2 b5 21. Qe4 Bf7 22. Ne3 Nxe3 23. Qxe7 Nxc2 24. Rf1 Rae8 25. Qxa7 Ra8 26. Qb6 Rab8 27. Qc7 Rbc8 28. Qd7 Nd4 29. Rxf7 Rxf7 30. Qxc8+ Rf8 31. Qg4 1-0

[Event "Paris"]
[Site "Paris"]
[Date "1994.??.??"]
[Round "7"]
[White "Lamoureux, Charles"]
[Black "Kosten, Anthony C"]
[Result "1/2-1/2"]
[WhiteElo "2425"]
[BlackElo "2515"]
[PlyCount "49"]
[EventDate "1994.04.??"]
[Source "ChessBase"]

1. e4 e5 2. Nf3 f5 3. Nxe5 Nc6 4. Nxc6 dxc6 5. Nc3 Bc5 6. Qf3 Qe7 7. Be2 Nf6 8. exf5 g6 9. d3 Bxf5 10. Be3 Bb4 11. O-O Bxc3 12. bxc3 Bg4 13. Qg3 Bxe2 14. Rfe1 Nd5 15. c4 Nxe3 16. Rxe2 O-O-O 17. Rxe3 Qa3 18. Qe5 Kb8 19. g3 b6 20. h4 Kb7 21. Kg2 Rhg8 22. Qf6 Rdf8 23. Qd4 Rd8 24. Qf6 Rdf8 25. Qd4 1/2-1/2

[Event "SWE-ch"]
[Site "?"]
[Date "2002.07.09"]
[Round "9"]
[White "Brynell Stellan"]
[Black "Eriksson Johan"]
[Result "1-0"]
[WhiteElo "2506"]
[BlackElo "2426"]
[PlyCount "93"]
[EventDate "2002.??.??"]
[Source "www.chesslib.no"]
[SourceDate "2004.05.04"]

1. e4 e5 2. Nf3 f5 3. Nxe5 d6 4. Qh5+ g6 5. Nxg6 Nf6 6. Qh4 Nc6 7. Nxh8 Nd4 8. Bc4 Bg7 9. Nf7 Qe7 10. O-O Nxc2 11. Nc3 Nxa1 12. Qg3 Kf8 13. d3 b5 14. Bh6 Bxh6 15. Nxh6 bxc4 16. Rxa1 cxd3 17. Nxf5 Bxf5 18. exf5 d2 19. Qe3 Qxe3 20. fxe3 Rb8 21. b3 Re8 22. Kf2 Ng4+ 23. Ke2 Nxe3 24. Kxd2 Nxg2 25. Nb5 Re5 26. Nxa7 Rxf5 27. a4 Rf2+ 28. Kc3 Rf3+ 29. Kb4 c5+ 30. Kb5 Rxb3+ 31. Kc6 c4 32. Nb5 c3 33. a5 c2 34. Rc1 Ne1 35. a6 Rb1 36. a7 Rxc1 37. a8=Q+ Kg7 38. Qa7+ Kg6 39. Qg1+ Kh5 40. Nd4 Ra1 41. Nxc2 Nxc2 42. Qg7 Rc1 43. Qxh7+ Kg4 44. Qe4+ Kg5 45. h4+ Kh5 46. Qf5+ Kxh4 47. Qf4+ 1-0

[Event "Val Maubuee Open"]
[Site "Val Maubuee"]
[Date "1988.??.??"]
[Round "?"]
[White "Kosten, Anthony C"]
[Black "Hector, Jonny"]
[Result "1-0"]
[WhiteElo "2515"]
[BlackElo "2415"]
[PlyCount "135"]
[EventDate "1988.??.??"]
[Source "www.chesslib.no"]
[SourceDate "2004.05.04"]

1. e4 e5 2. Nf3 f5 3. Nxe5 Qf6 4. d4 d6 5. Nc4 fxe4 6. Be2 Qd8 7. d5 Nf6 8. Nc3 Be7 9. Be3 O-O 10. Nd2 c5 11. Ndxe4 Qb6 12. Rb1 Nxe4 13. Nxe4 Bf5 14. Nd2 Na6 15. a3 Nc7 16. b4 Nxd5 17. Bc4 Be6 18. Nf3 Nc3 19. Bxe6+ Kh8 20. Qd3 Nxb1 21. O-O Nxa3 22. Qxa3 Qxb4 23. Qd3 b5 24. c3 Qa5 25. Ng5 Bxg5 26. Bxg5 Qb6 27. Ba2 c4 28. Qg3 d5 29. Rd1 Qe6 30. Be3 a5 31. Bb1 b4 32. Rd4 bxc3 33. Rh4 h6 34. h3 Rab8 35. Bg6 Rb6 36. Bc2 Rf6 37. Rg4 Qd6 38. f4 Rb7 39. Bd4 Rbf7 40. Qxc3 Kg8 41. Bxf6 Rxf6 42. Qxa5 Qb6+ 43. Qxb6 Rxb6 44. Rg6 Rb2 45. Bf5 c3 46. Rc6 d4 47. Bg6 Kf8 48. Re6 Rb8 49. Kf1 Rc8 50. Re2 Rd8 51. Bd3 Kf7 52. Ke1 Kf6 53. Re4 Rd5 54. g4 Ra5 55. Rxd4 Ra1+ 56. Ke2 Rh1 57. Rc4 Rh2+ 58. Ke3 Rxh3+ 59. Ke4 Rg3 60. Be2 Rg2 61. Ke3 Rg3+ 62. Bf3 g5 63. Rc6+ Kg7 64. fxg5 hxg5 65. Rxc3 Rg1 66. Ke4 Kg6 67. Rc6+ Kg7 68. Ke5 1-0

[Event "Latvian Invitaional Trio"]
[Site "?"]
[Date "1997.??.??"]
[Round "?"]
[White "Malmstroem Jan"]
[Black "Miraglia Jorge"]
[Result "1-0"]
[WhiteElo "2510"]
[BlackElo "2380"]
[PlyCount "97"]
[EventDate "1997.??.??"]
[Source "www.chesslib.no"]
[SourceDate "2004.05.04"]

1. e4 e5 2. Nf3 f5 3. Nxe5 Qf6 4. Nc4 fxe4 5. Nc3 Qf7 6. Ne3 c6 7. d3 exd3 8. Bxd3 Bb4 9. O-O d5 10. Ncxd5 cxd5 11. Nxd5 Bc5 12. Bf4 Kf8 13. Bc4 Nc6 14. Be3 Bd6 15. Nb6 Bxh2+ 16. Kh1 Qf6 17. Nxc8 Qh4 18. Qf3+ Nf6 19. Be6 Be5+ 20. Qh3 Qxh3+ 21. gxh3 Bxb2 22. Bc5+ Ke8 23. Nd6+ Ke7 24. Rae1 Ne5 25. Bb3 Nfd7 26. Nxb7+ Nxc5 27. Nxc5 Kd6 28. Ne6 Rab8 29. Nxg7 Nf3 30. Re6+ Kc5 31. Re7 Bxg7 32. Rxg7 a6 33. Rd1 Rbe8 34. Kg2 Nh4+ 35. Kf1 Re5 36. Rgd7 Ng6 37. R1d6 a5 38. Rf6 Kb4 39. Rf3 Rf8 40. Rb7+ Kc5 41. Rc3+ Kd6 42. Rb6+ Kd7 43. Ba4+ Kd8 44. Rd3+ Kc7 45. Rc6+ Kb8 46. Rb3+ Ka7 47. Rc7+ Ka6 48. c4 Re7 49. Bd7 1-0

[Event "Latvian Invitaional Trio"]
[Site "?"]
[Date "1997.??.??"]
[Round "?"]
[White "Malmstroem Jan"]
[Black "Miraglia Jorge"]
[Result "1-0"]
[WhiteElo "2510"]
[BlackElo "2380"]
[PlyCount "89"]
[EventDate "1997.??.??"]
[Source "www.chesslib.no"]
[SourceDate "2004.05.04"]

1. e4 e5 2. Nf3 f5 3. Nxe5 Qf6 4. Nc4 fxe4 5. Nc3 Qf7 6. Ne3 c6 7. d3 exd3 8. Bxd3 Bb4 9. O-O d5 10. Ncxd5 cxd5 11. Nxd5 Bc5 12. Bf4 Kf8 13. Bc4 Nc6 14. Be3 Bd6 15. Nb6 Bxh2+ 16. Kh1 Qf6 17. Nxc8 Qh4 18. Qf3+ Nf6 19. Be6 Be5+ 20. Qh3 Qxh3+ 21. gxh3 Bxb2 22. Bc5+ Ke8 23. Nd6+ Ke7 24. Rae1 Ne5 25. Bb3 Nfd7 26. Nxb7+ Nxc5 27. Nxc5 Kd6 28. Ne6 Rab8 29. Nxg7 Nf3 30. Re6+ Kc5 31. Re7 Bxg7 32. Rxg7 a5 33. Rd1 Rhd8 34. Rxd8 Rxd8 35. Rxh7 a4 36. Rh5+ Kb4 37. Bd5 Ne1 38. Rh4+ Kc3 39. Be6 Rd6 40. Rc4+ Kb2 41. Re4 Nxc2 42. f4 Kc3 43. f5 a3 44. f6 Kd3 45. Rf4 1-0

[Event "DSV-Turnier"]
[Site "Leipzig"]
[Date "1980.??.??"]
[Round "11"]
[White "Espig, Lutz"]
[Black "Hesse, Peter"]
[Result "1-0"]
[WhiteElo "2440"]
[BlackElo "2440"]
[PlyCount "79"]
[EventDate "1980.12.04"]
[Source "ChessBase"]

1. e4 e5 2. Nf3 f5 3. Nxe5 Qf6 4. d4 d6 5. Nc4 fxe4 6. Nc3 Qg6 7. Be3 Nf6 8. h3 Be7 9. Qd2 c6 10. a3 O-O 11. d5 cxd5 12. Nxd5 Nxd5 13. Qxd5+ Be6 14. Qxb7 Nd7 15. O-O-O Rfb8 16. Qa6 d5 17. Na5 Nc5 18. Nc6 Bf6 19. Bxc5 Bxb2+ 20. Kd2 Qf6 21. Bb5 d4 22. Ke2 Rf8 23. Rhf1 Qh6 24. Bxd4 Qh5+ 25. Ke1 Bxd4 26. Nxd4 Bd5 27. Ne2 Kh8 28. Bc4 Bxc4 29. Qxc4 Qe5 30. Qc3 Qe7 31. Qe3 Rac8 32. Nd4 Qc5 33. Ne6 Qxc2 34. Nxf8 Rxf8 35. Qd2 Qb3 36. Qb4 Qf7 37. Rd7 Qf4 38. Qc3 Qg5 39. h4 Qg6 40. h5 1-0

[Event "CRO-Cup"]
[Site "Pula"]
[Date "1999.05.28"]
[Round "5"]
[White "Sax, Gyula"]
[Black "Zelic, Mladen"]
[Result "1-0"]
[WhiteElo "2524"]
[BlackElo "2354"]
[PlyCount "77"]
[EventDate "1999.05.??"]
[Source "ChessBase"]
[SourceDate "1999.07.10"]

1. e4 e5 2. Nf3 f5 3. Nxe5 Nc6 4. Nxc6 dxc6 5. d4 c5 6. exf5 Bxf5 7. Qe2+ Qe7 8. dxc5 O-O-O 9. Be3 Qe5 10. Nc3 Bxc5 11. Qb5 Re8 12. Nd5 Nf6 13. O-O-O Nxd5 14. Bxc5 Nf4 15. Bxa7 Qe4 16. Bd3 Nxd3+ 17. cxd3 Qg4 18. Be3 Re6 19. h3 Qg6 20. g4 Rc6+ 21. Kb1 Bd7 22. Qb4 h5 23. gxh5 Qxh5 24. Rc1 Qe2 25. Qa3 Ra6 26. Qc3 Bc6 27. Rhg1 Rd8 28. Rxg7 Kb8 29. Bf4 Qe6 30. b3 Rd7 31. Rxd7 Qxd7 32. Qh8+ Ka7 33. Be3+ b6 34. Qc3 Kb7 35. Bf4 Ra5 36. Kb2 Rf5 37. Be3 Rd5 38. d4 Rf5 39. h4 1-0

[Event "Corr"]
[Site "?"]
[Date "1999.??.??"]
[Round "?"]
[White "Chorfi Khalid"]
[Black "Simmelink Joop Theo"]
[Result "1/2-1/2"]
[WhiteElo "2471"]
[BlackElo "2404"]
[PlyCount "46"]
[EventDate "1999.??.??"]
[Source "www.chesslib.no"]
[SourceDate "2004.05.04"]

1. e4 e5 2. Nf3 f5 3. Nxe5 Qf6 4. Nc4 fxe4 5. Nc3 Qf7 6. Ne3 c6 7. d3 exd3 8. Bxd3 d5 9. O-O Bd6 10. Re1 Ne7 11. Nexd5 cxd5 12. Nb5 O-O 13. Nxd6 Qxf2+ 14. Kh1 Bg4 15. Qd2 Qh4 16. Nxb7 Nbc6 17. b3 Rab8 18. Na5 Nd4 19. Kg1 Rb6 20. Bb2 Rh6 21. Qxh6 Nf3+ 22. gxf3 gxh6 23. fxg4 Qxg4+ 1/2-1/2

[Event "Open"]
[Site "Geneve op"]
[Date "1990.??.??"]
[Round "?"]
[White "Dutreeuw, Marc"]
[Black "Hector, Jonny"]
[Result "1-0"]
[WhiteElo "2405"]
[BlackElo "2465"]
[PlyCount "71"]
[EventDate "1990.??.??"]
[Source "www.chesslib.no"]
[SourceDate "2004.05.04"]

1. e4 e5 2. Nf3 f5 3. Nxe5 Qf6 4. d4 d6 5. Nc4 fxe4 6. Nc3 Qg6 7. f3 exf3 8. Qxf3 Nc6 9. d5 Nb4 10. Ne3 Nf6 11. Bb5+ Bd7 12. Bxd7+ Nxd7 13. Bd2 Be7 14. Qe4 Qxe4 15. Nxe4 Na6 16. O-O Nf6 17. Ng5 Kd7 18. Rae1 c6 19. Nf5 Bf8 20. dxc6+ bxc6 21. Ne6 Nd5 22. c4 g6 23. cxd5 gxf5 24. Rxf5 cxd5 25. Rf7+ Kc6 26. Rc1+ Kb6 27. Nf4 Nc5 28. b4 d4 29. a4 Re8 30. bxc5+ dxc5 31. Rf6+ Kb7 32. Rb1+ Kc8 33. Ne6 Be7 34. Rf5 d3 35. Bf4 c4 36. Rd5 1-0

[Event "Europe Y Ch g18"]
[Site "PCA Qualifier g/25 Moscow RUS"]
[Date "1996.??.??"]
[Round "?"]
[White "Gyimesi, Zoltan"]
[Black "Sluka, Radek"]
[Result "1-0"]
[WhiteElo "2545"]
[BlackElo "2320"]
[PlyCount "73"]
[EventDate "1996.??.??"]
[Source "www.chesslib.no"]
[SourceDate "2004.05.04"]

1. e4 e5 2. Nf3 f5 3. Nxe5 d6 4. Nc4 fxe4 5. d4 Nf6 6. Bg5 Be7 7. Nc3 O-O 8. Ne3 Qe8 9. Bc4+ Kh8 10. Qd2 c6 11. O-O-O b5 12. Be2 b4 13. Nb1 d5 14. h4 Be6 15. Bxf6 Rxf6 16. Bg4 Bd6 17. Qe2 c5 18. dxc5 Bxc5 19. Bxe6 Qxe6 20. Qb5 Na6 21. Nxd5 Rxf2 22. Rhe1 Qh6+ 23. Nd2 Rd8 24. Rxe4 Qh5 25. Nf4 Qf7 26. Nd3 Rf6 27. Nxc5 Nxc5 28. Qxc5 b3 29. Nxb3 Rf1 30. Nd2 Rxd1+ 31. Kxd1 Qxa2 32. Qe7 Qa1+ 33. Ke2 Qa6+ 34. c4 Qc8 35. Nf3 Qb8 36. Qe5 Qc8 37. Ng5 1-0

[Event "Vidmar mem"]
[Site "Ljubljana/Portoroz"]
[Date "1989.??.??"]
[Round "?"]
[White "Podlesnik, Bogdan"]
[Black "Mohr, Georg"]
[Result "0-1"]
[WhiteElo "2415"]
[BlackElo "2450"]
[PlyCount "42"]
[EventDate "1989.06.??"]
[Source "ChessBase"]

1. e4 e5 2. Nf3 f5 3. Nxe5 Qe7 4. d4 Nf6 5. Bc4 fxe4 6. Bf7+ Kd8 7. Bb3 d5 8. Bg5 c6 9. O-O Nbd7 10. f4 exf3 11. Nxf3 h6 12. Re1 Qf7 13. Bh4 Bd6 14. Ne5 Nxe5 15. dxe5 Bc5+ 16. Kh1 g5 17. exf6 gxh4 18. c4 h3 19. cxd5 hxg2+ 20. Kxg2 Qg6+ 21. Kh1 Bg4 0-1

[Event "World op"]
[Site "?"]
[Date "1996.??.??"]
[Round "?"]
[White "Fishbein Alexander"]
[Black "Karklins Andrew"]
[Result "1-0"]
[WhiteElo "2515"]
[BlackElo "2335"]
[PlyCount "77"]
[EventDate "1996.??.??"]
[Source "www.chesslib.no"]
[SourceDate "2004.05.04"]

1. e4 e5 2. Nf3 f5 3. Nxe5 Qf6 4. d4 d6 5. Nc4 fxe4 6. Ne3 c6 7. Bc4 d5 8. Bb3 Bd6 9. c4 Nh6 10. Qh5+ Nf7 11. cxd5 O-O 12. Nc3 g6 13. Qe2 Qh4 14. Nc4 Bb4 15. Ne5 Nd6 16. O-O Kh8 17. Qe3 Nf5 18. Qxe4 Qxe4 19. Nxe4 Nxd4 20. Bc4 b5 21. Bd3 cxd5 22. Nc3 Bf5 23. Be3 Bxc3 24. bxc3 Ndc6 25. Bxb5 Nxe5 26. Bd4 Nbd7 27. f4 Kg8 28. fxe5 Nb6 29. a4 Be6 30. a5 Nc4 31. Bc6 Rxf1+ 32. Rxf1 Rc8 33. Bb7 Rc7 34. a6 Na5 35. Rb1 Rd7 36. Bxa7 Bf5 37. Rb2 Nc6 38. Bxc6 Rxa7 39. Rb8+ 1-0

[Event "1 WK Latvian Gambit"]
[Site "?"]
[Date "1995.??.??"]
[Round "?"]
[White "Sireta, Bertrand"]
[Black "Krantz, Kjell Erik"]
[Result "1-0"]
[WhiteElo "2315"]
[BlackElo "2535"]
[PlyCount "41"]
[EventDate "1995.??.??"]
[Source "www.chesslib.no"]
[SourceDate "2004.05.04"]

1. e4 e5 2. Nf3 f5 3. d4 fxe4 4. Nxe5 Nf6 5. Bg5 d6 6. Nd2 dxe5 7. dxe5 Qd5 8. exf6 Qxg5 9. Nxe4 Qa5+ 10. c3 Be6 11. f4 gxf6 12. Nxf6+ Ke7 13. Ne4 Bg7 14. Bd3 Nc6 15. Ng5 h6 16. Nxe6 Kxe6 17. Qg4+ Kf7 18. Bc4+ Kf8 19. O-O-O Qc5 20. Rd7 Qe3+ 21. Kd1 1-0

[Event "USA Open"]
[Site "United States of America"]
[Date "1989.??.??"]
[Round "?"]
[White "Kudrin, Sergey"]
[Black "Harari, Zaki"]
[Result "1-0"]
[WhiteElo "2550"]
[BlackElo "2285"]
[PlyCount "49"]
[EventDate "1989.??.??"]
[Source "www.chesslib.no"]
[SourceDate "2004.05.04"]

1. e4 e5 2. Nf3 f5 3. Nxe5 Nc6 4. Qh5+ g6 5. Nxc6 dxc6 6. Qf3 Qe7 7. Nc3 Bg7 8. Bd3 Nf6 9. O-O O-O 10. exf5 gxf5 11. Bc4+ Kh8 12. d3 Ng4 13. Bf4 Qb4 14. Bb3 Ne5 15. Bxe5 Bxe5 16. Rae1 Bf6 17. Nd1 a5 18. c3 Qd6 19. d4 a4 20. Bc2 c5 21. Ne3 cxd4 22. Nxf5 Qc5 23. Nxd4 Ra6 24. Re4 Bg5 25. Re5 1-0

[Event "Spring Open"]
[Site "Budapest HUN"]
[Date "1993.??.??"]
[Round "9"]
[White "Almasi, Istvan"]
[Black "Varga, Zoltan"]
[Result "1/2-1/2"]
[WhiteElo "2385"]
[BlackElo "2450"]
[PlyCount "87"]
[EventDate "1993.??.??"]
[Source "www.chesslib.no"]
[SourceDate "2004.05.04"]

1. e4 e5 2. Nf3 f5 3. d4 fxe4 4. Nxe5 Nf6 5. Bc4 d5 6. Bb3 Be6 7. O-O Bd6 8. c4 dxc4 9. Nxc4 Nc6 10. Be3 O-O 11. Nc3 Bxc4 12. Bxc4+ Kh8 13. h3 Qd7 14. Rc1 Rad8 15. Bb5 a6 16. Ba4 b5 17. Nxb5 axb5 18. Bxb5 Qf7 19. Bxc6 Qxa2 20. b3 Rb8 21. Rb1 Qa5 22. Qc2 Qf5 23. Bd2 Nd5 24. Rbe1 Nb4 25. Qxe4 Nxc6 26. Qxc6 Rxb3 27. Re8 Rb8 28. Rxb8 Rxb8 29. Re1 Rf8 30. Re2 Qd3 31. Qe4 Qxe4 32. Rxe4 Kg8 33. Kf1 Rf5 34. Ke2 c5 35. Re6 Rd5 36. dxc5 Bxc5 37. Bc3 Kf7 38. Re5 Rxe5+ 39. Bxe5 h5 40. f3 g6 41. Kd3 Ke6 42. Ke4 Be7 43. Bf4 Bf6 44. Be3 1/2-1/2

[Event "RUS-Cup6"]
[Site "Krasnodar"]
[Date "1997.03.18"]
[Round "8"]
[White "Drozdov, Igor"]
[Black "Nadanian, Ashot"]
[Result "1-0"]
[WhiteElo "2455"]
[BlackElo "2375"]
[PlyCount "59"]
[EventDate "1997.03.11"]
[Source "www.chesslib.no"]
[SourceDate "2004.05.04"]

1. e4 e5 2. Nf3 f5 3. d4 fxe4 4. Nxe5 Nf6 5. Bg5 d6 6. Nc4 Be7 7. Be2 O-O 8. O-O Qe8 9. Ne3 Qg6 10. Bh4 c6 11. c4 Na6 12. Nc3 Nc7 13. Bg3 Na6 14. a3 Bd7 15. Qb3 Bc8 16. Bxd6 Bxd6 17. c5+ Kh8 18. cxd6 Ne8 19. d7 Bxd7 20. Qxb7 Nac7 21. Rad1 a5 22. Kh1 Rf4 23. Nc4 Bc8 24. Qb6 Qf6 25. Ne5 Rh4 26. Qxc6 Be6 27. Bc4 Rb8 28. Bxe6 Nxe6 29. Nd5 Qf5 30. g4 1-0

[Event "Hofheim op"]
[Site "Hofheim"]
[Date "1997.??.??"]
[Round "3"]
[White "Zude, Arno"]
[Black "Pirrot, Dieter"]
[Result "1/2-1/2"]
[WhiteElo "2410"]
[BlackElo "2415"]
[PlyCount "41"]
[EventDate "1997.??.??"]
[Source "www.chesslib.no"]
[SourceDate "2004.05.04"]

1. e4 e5 2. Nf3 f5 3. Nxe5 Qf6 4. Nc4 fxe4 5. Nc3 Qf7 6. d4 Nf6 7. Be2 d5 8. Ne5 Qe6 9. f3 exf3 10. Bxf3 Bb4 11. O-O O-O 12. Ne2 c6 13. Nf4 Qe7 14. c4 dxc4 15. Qc2 Be6 16. a3 Bd6 17. Nxe6 Qxe6 18. Nxc4 Nbd7 19. Bg5 Rae8 20. Nxd6 Qxd6 21. Rad1 1/2-1/2

[Event "IBM-B"]
[Site "Amsterdam"]
[Date "1979.??.??"]
[Round "6"]
[White "Enklaar, Bertus F"]
[Black "Hoelzl, Franz"]
[Result "1-0"]
[WhiteElo "2400"]
[BlackElo "2425"]
[PlyCount "153"]
[EventDate "1979.07.??"]
[Source "ChessBase"]

1. e4 e5 2. Nf3 f5 3. Nxe5 Qf6 4. d4 d6 5. Nc4 fxe4 6. Be2 d5 7. Ne3 Qf7 8. c4 c6 9. Nc3 Nf6 10. Qa4 Nbd7 11. cxd5 Nb6 12. Qb3 Nbxd5 13. Nexd5 Nxd5 14. Nxe4 Nb4 15. Qxf7+ Kxf7 16. Bc4+ Kg6 17. Bb3 Bf5 18. f3 a5 19. a3 a4 20. Bd1 Nd5 21. g4 Be6 22. f4 Bxg4 23. Bxg4 Re8 24. f5+ Kf7 25. Bh5+ g6 26. fxg6+ Kg7 27. Bf3 Nf6 28. O-O Nxe4 29. Bf4 Nf6 30. Be5 Be7 31. gxh7 Rxh7 32. Bd1 Bd8 33. Bxa4 Rxe5 34. dxe5 Bb6+ 35. Kg2 Ng4 36. Rf4 Nxe5 37. Re1 Rh5 38. Bc2 Rg5+ 39. Kh1 Kh6 40. Rf5 Rxf5 41. Bxf5 Bd4 42. b3 Kg5 43. Rf1 b5 44. a4 bxa4 45. bxa4 c5 46. a5 c4 47. a6 c3 48. Be4 Ng4 49. Bb1 Ne3 50. Rf7 c2 51. Bxc2 Nxc2 52. a7 Bxa7 53. Rxa7 Ne3 54. Ra4 Nf5 55. Kg2 Nh4+ 56. Kf2 Nf5 57. h3 Nh6 58. Kf3 Kh5 59. Ra5+ Kh4 60. Rb5 Ng8 61. Rb4+ Kh5 62. Kg3 Nf6 63. Rb5+ Kg6 64. Kh4 Kh6 65. Rg5 Ne4 66. Rg4 Nf6 67. Rg1 Nd5 68. Kg4 Kg6 69. Rg3 Nf6+ 70. Kf4+ Kh6 71. Kf5 Nd5 72. Rd3 Ne7+ 73. Kg4 Ng6 74. Rd6 Kg7 75. Kg5 Ne5 76. Kf5 Nf3 77. Rd3 1-0

[Event "Latvian Training"]
[Site "?"]
[Date "2001.??.??"]
[Round "?"]
[White "Kosten Anthony C"]
[Black "Elburg John"]
[Result "1-0"]
[WhiteElo "2519"]
[BlackElo "2300"]
[PlyCount "46"]
[EventDate "2001.??.??"]
[Source "www.chesslib.no"]
[SourceDate "2004.05.04"]

1. e4 e5 2. Nf3 f5 3. Nc3 fxe4 4. Nxe5 Qf6 5. Nc4 Qf7 6. Ne3 c6 7. d3 exd3 8. Bxd3 d5 9. O-O Bc5 10. Na4 Bd6 11. c4 Ne7 12. Nc3 Be6 13. cxd5 cxd5 14. Nb5 Nc8 15. f4 O-O 16. f5 Bd7 17. Nxd6 Nxd6 18. b3 Qf6 19. Ba3 Rf7 20. Qf3 Qe5 21. Rad1 Nc6 22. Nxd5 Nd4 23. Qf2 Qxd5 1-0

[Event "Corr"]
[Site "?"]
[Date "2001.02.15"]
[Round "?"]
[White "Elburg John"]
[Black "Kosten Anthony C"]
[Result "1/2-1/2"]
[WhiteElo "2300"]
[BlackElo "2519"]
[PlyCount "46"]
[EventDate "2001.??.??"]
[Source "www.chesslib.no"]
[SourceDate "2004.05.04"]

1. e4 e5 2. Nf3 f5 3. Nxe5 Qf6 4. d4 d6 5. Nc4 fxe4 6. Nc3 Qg6 7. f3 exf3 8. Qxf3 Nf6 9. Bd3 Qg4 10. Qxg4 Bxg4 11. O-O Be7 12. Bg5 Nc6 13. Rf4 Bh5 14. Bxf6 Bxf6 15. Nd5 Bxd4+ 16. Rxd4 Nxd4 17. Nxc7+ Kd7 18. Nxa8 Rxa8 19. Re1 Bf7 20. c3 Nc6 21. a4 h6 22. Bf5+ Kc7 23. Ne3 Ne5 1/2-1/2

[Event "Corr"]
[Site "?"]
[Date "2000.11.15"]
[Round "?"]
[White "Koetsier David Alexander"]
[Black "Downey Michael S"]
[Result "1-0"]
[WhiteElo "2440"]
[BlackElo "2372"]
[PlyCount "53"]
[EventDate "2000.??.??"]
[Source "www.chesslib.no"]
[SourceDate "2004.05.04"]

1. e4 e5 2. Nf3 f5 3. Nxe5 Qf6 4. Nc4 fxe4 5. Nc3 Qf7 6. Ne3 c6 7. d3 exd3 8. Bxd3 d5 9. O-O Bd6 10. Re1 Ne7 11. Nexd5 cxd5 12. Nb5 O-O 13. Nxd6 Qxf2+ 14. Kh1 Bg4 15. Qd2 Qh4 16. b4 Nbc6 17. Bb2 Rf2 18. Qc3 Qg5 19. Rf1 Raf8 20. Rxf2 Rxf2 21. Qe1 Qd2 22. b5 Rxg2 23. Qxd2 Rxd2 24. bxc6 Nxc6 25. Re1 Rd1 26. Rxd1 Bxd1 27. a3 1-0

[Event "Corr"]
[Site "?"]
[Date "2000.11.15"]
[Round "?"]
[White "Downey Michael S"]
[Black "Koetsier David Alexander"]
[Result "1-0"]
[WhiteElo "2372"]
[BlackElo "2440"]
[PlyCount "56"]
[EventDate "2000.??.??"]
[Source "www.chesslib.no"]
[SourceDate "2004.05.04"]

1. e4 e5 2. Nf3 f5 3. Nxe5 Qf6 4. d4 d6 5. Nc4 fxe4 6. Nc3 Qg6 7. f3 exf3 8. Qxf3 Nf6 9. Bd3 Qg4 10. Qe3+ Be7 11. O-O Qh5 12. Nb5 Na6 13. Bd2 O-O 14. Qxe7 Re8 15. Qxc7 Nxc7 16. Nxc7 d5 17. Nxe8 Qxe8 18. Nd6 Qc6 19. Bb4 Bg4 20. c3 Rd8 21. Bb5 Qc7 22. Ne8 Qb6 23. Nxf6+ gxf6 24. Ba4 Bd7 25. Bb3 Bb5 26. Rfe1 Bc4 27. Bc2 Qb5 28. a4 Qc6 1-0

[Event "Kurgan"]
[Site "Kurgan"]
[Date "1993.??.??"]
[Round "?"]
[White "Kotsur, Pavel"]
[Black "Asanov, Bolat"]
[Result "1-0"]
[WhiteElo "2425"]
[BlackElo "2385"]
[PlyCount "23"]
[EventDate "1993.12.??"]
[Source "ChessBase"]

1. e4 e5 2. Nf3 f5 3. Nxe5 Qf6 4. d4 d6 5. Nc4 fxe4 6. Nc3 Bf5 7. Ne3 Bg6 8. Ned5 Qf7 9. Nf4 Nf6 10. d5 Nbd7 11. Ne6 Ne5 12. Nb5 1-0

[Event "Makarska"]
[Site "Makarska"]
[Date "1995.??.??"]
[Round "4"]
[White "Grosar, Aljosa"]
[Black "Zelic, Mladen"]
[Result "1-0"]
[WhiteElo "2475"]
[BlackElo "2330"]
[PlyCount "105"]
[EventDate "1995.??.??"]
[Source "www.chesslib.no"]
[SourceDate "2004.05.04"]

1. e4 e5 2. Nf3 f5 3. Nxe5 Qf6 4. d4 d6 5. Nc4 fxe4 6. Nc3 Qg6 7. Ne3 c6 8. Be2 Nf6 9. f3 exf3 10. Bxf3 d5 11. Qe2 Kd8 12. O-O Bd6 13. Na4 Re8 14. Qf2 Ne4 15. Qh4+ Be7 16. Qe1 Nd7 17. Nxd5 cxd5 18. Qa5+ Nb6 19. Nxb6 Qxb6 20. Qxd5+ Nd6 21. c4 Qc6 22. Qxc6 bxc6 23. Bxc6 Rb8 24. Bxe8 Kxe8 25. b3 Bf6 26. Rxf6 gxf6 27. Bf4 Rb6 28. c5 Rb4 29. Bxd6 Rxd4 30. Re1+ Kd8 31. Be7+ Kc7 32. Bxf6 Rd2 33. Re7+ Rd7 34. Kf2 Kc6 35. Rxd7 Bxd7 36. Be7 a5 37. Ke3 Bf5 38. Kd4 Bb1 39. a3 Bc2 40. Kc4 Bf5 41. b4 Be6+ 42. Kd4 a4 43. Ke5 Bd7 44. Bg5 Bg4 45. Be3 Be2 46. Kf5 Kd5 47. g4 Bb5 48. g5 Kc4 49. Ke5 Kb3 50. Bc1 Kc2 51. Kd6 Kxc1 52. c6 Kb2 53. Kc5 1-0